Soils of the proposed citrus belt of Punjab, (Record no. 80569)
[ view plain ]
| 000 -LEADER | |
|---|---|
| fixed length control field | 00865nam a22002531 4500 |
| 001 - CONTROL NUMBER | |
| control field | sa 68005178 |
| 003 - CONTROL NUMBER IDENTIFIER | |
| control field | DLC |
| 005 - DATE AND TIME OF LATEST TRANSACTION | |
| control field | 20260227112506.0 |
| 008 - FIXED-LENGTH DATA ELEMENTS--GENERAL INFORMATION | |
| fixed length control field | 960926s1963 ii b 00010 eng |
| 010 ## - LIBRARY OF CONGRESS CONTROL NUMBER | |
| LC control number | sa 68005178 //r96 |
| 025 ## - OVERSEAS ACQUISITION NUMBER | |
| Overseas acquisition number | PL480:I-E-7614 |
| 040 ## - CATALOGING SOURCE | |
| Original cataloging agency | DLC |
| Transcribing agency | DLC |
| Modifying agency | DLC |
| 043 ## - GEOGRAPHIC AREA CODE | |
| Geographic area code | a-ii--- |
| 050 00 - LIBRARY OF CONGRESS CALL NUMBER | |
| Classification number | S599.6.I5 |
| Item number | K3 |
| 100 10 - MAIN ENTRY--PERSONAL NAME | |
| Personal name | Kanwar, Jaswant Singh, |
| Dates associated with a name | 1922- |
| 245 10 - TITLE STATEMENT | |
| Title | Soils of the proposed citrus belt of Punjab, |
| Statement of responsibility, etc. | by J. S. Kanwar, J. L. Sehgal and D. R. Dhingra. [Edited by Ravinder Kumar Sethi] |
| 260 0# - PUBLICATION, DISTRIBUTION, ETC. | |
| Place of publication, distribution, etc. | Ludhiana, |
| Name of publisher, distributor, etc. | Agricultural Information Section, Punjab Agricultural University |
| Date of publication, distribution, etc. | [1963?] |
| 300 ## - PHYSICAL DESCRIPTION | |
| Extent | ii, 56 p. |
| Other physical details | map. |
| Dimensions | 22 cm. |
| 350 ## - PRICE (NR) (BK AM CF MU VM SE) [OBSOLETE] | |
| Price | Rs1.15 |
| 650 #0 - SUBJECT ADDED ENTRY--TOPICAL TERM | |
| Topical term or geographic name entry element | Soils |
| Geographic subdivision | India |
| -- | Punjab (State) |
| 650 #0 - SUBJECT ADDED ENTRY--TOPICAL TERM | |
| Topical term or geographic name entry element | Citrus |
| Geographic subdivision | India |
| -- | Punjab (State) |
| 700 10 - ADDED ENTRY--PERSONAL NAME | |
| Personal name | Sehgal, J. L., |
| Relator term | joint author. |
| 700 10 - ADDED ENTRY--PERSONAL NAME | |
| Personal name | Dhingra, D. R., |
| Relator term | joint author. |
No items available.